00916nam a22002531 450000100060000000300080000600500170001400800410003103500190007204000390009104100080013008200240013810000410016224500650020326000400026830000250030860000330033365000280036665100530039465100420044794200120048999900170050195201440051827086BD-RjUL20211209051118.0140324s1962 enk 000 0 eng d a(BD-RjUL)27157 aDLCcDLCdDLCdOCoLCdBD-RjULbeng aeng00a972.91064bDRC 19621 aDraper, Theodore,d1912-2006.91041610aCastro's revolution, myths and realities /cTheodore Draper. aLondon :bThames and Hudson,c1962. avi, 211 p. ;c21 cm.10aCastro, Fidel,d1926-983207 0aCommunismzCuba.983188 0aCubaxPolitics and governmenty1933-1959.983189 0aCubaxHistoryyInvasion, 1961.983190 2ddccBK c27086d27086 00102ddc40728NFICaRUCLbRUCLcReadingd1964-02-25eZeitlinger.g21.00l0o972.91064 DRC 1962r2014-03-24 00:00:00tC-1w2014-03-24yBK